|
|
|
|
| LEADER |
02528nam a2200397 a 4500 |
| 001 |
18131 |
| 003 |
BD-DhAAL |
| 005 |
20231018143109.0 |
| 008 |
090916r20071990ii a b 001 0 eng d |
| 020 |
|
|
|a 0852264771
|
| 020 |
|
|
|a 8173280363
|
| 020 |
|
|
|a 8122415229
|a 9788122415223
|
| 040 |
|
|
|a BD-DhAAL
|
| 082 |
0 |
0 |
|a 001.42
|2 22
|
| 100 |
1 |
|
|a Kothari, C. R.
|9 1934
|
| 245 |
1 |
0 |
|a Research methodology :
|b methods and techniques /
|c C. R. Kothari.
|
| 250 |
|
|
|a Second edition & Revised edition
|
| 260 |
|
|
|a New Delhi :
|b New Age;
|b Wishwa Prakashan,
|c 1990 [reprinted 2000, 2007,2003, 2012].
|
| 300 |
|
|
|a 401 pages ;
|a xi, 468 pages :
|b illustrations ;
|c 24 cm.
|
| 504 |
|
|
|a Includes bibliographical references and index.
|
| 526 |
|
|
|a BIED
|
| 541 |
1 |
|
|a Complimentary copy from BIED
|e 16277, 18131, 36744
|
| 650 |
0 |
|
|a Research
|x Methodology.
|9 211
|
| 650 |
0 |
|
|a Research.
|9 1935
|
| 650 |
0 |
|
|a Social sciences
|x Research.
|9 1800
|
| 650 |
0 |
|
|a Humanities
|x Research
|9 1936
|
| 852 |
4 |
|
|a Ayesha Abed Library
|c General Stacks
|
| 942 |
|
|
|2 ddc
|c BK
|
| 999 |
|
|
|c 4072
|d 4072
|
| 952 |
|
|
|0 0
|1 4
|2 ddc
|4 0
|6 001_420000000000000_KOT
|7 0
|9 3745
|a BRACUL
|b BRACUL
|c GEN
|d 2009-10-03
|l 7
|m 4
|o 001.42 KOT
|p 3010016277
|r 2010-11-15
|s 2010-11-15
|t 1
|w 2009-10-03
|y BK
|x Koha Inventory 2020
|
| 952 |
|
|
|0 0
|1 0
|2 ddc
|4 0
|6 001_420000000000000_KOT_2007
|7 0
|9 9550
|a BRACUL
|b BRACUL
|c GEN
|d 2010-04-29
|l 16
|m 46
|o 001.42 KOT
|p 3010016276
|r 2025-07-15
|s 2025-07-08
|t 2
|w 2010-04-29
|y BK
|
| 952 |
|
|
|0 0
|1 0
|2 ddc
|4 0
|6 001_420000000000000_KOT
|7 0
|9 18180
|a BRACUL
|b BRACUL
|c GEN
|d 2011-09-24
|e Paragon Enterprises Ltd.
|g 340.00
|l 15
|m 68
|o 001.42 KOT
|p 3010023483
|q 2026-07-07
|r 2024-07-16
|s 2024-07-16
|t 3
|w 2011-09-25
|y BK
|
| 952 |
|
|
|0 0
|1 2
|2 ddc
|4 0
|6 001_420000000000000_KOT
|7 0
|9 18181
|a BRACUL
|b BRACUL
|c GEN
|d 2011-09-24
|e Paragon Enterprises Ltd.
|g 340.00
|l 10
|m 72
|o 001.42 KOT
|p 3010023484
|q 2017-12-21
|r 2017-09-21
|s 2017-09-21
|t 4
|w 2011-09-25
|y BK
|
| 952 |
|
|
|0 0
|1 0
|2 ddc
|4 0
|6 001_420000000000000_KOT
|7 0
|9 22385
|a IGS
|b IGS
|c GEN
|d 2013-05-19
|e S.T.S. International
|g 360.00
|l 0
|o 001.42 KOT
|p 3010027054
|r 2013-05-19
|t 5
|w 2013-05-19
|y BK
|
| 952 |
|
|
|0 0
|1 0
|2 ddc
|4 0
|6 001_420000000000000_KOT
|7 0
|9 69720
|a BRACUL
|b BRACUL
|c GEN
|d 2022-02-03
|e Complimentary copy from BIED
|l 1
|m 2
|o 001.42 KOT
|p 3010037634
|r 2024-02-20
|s 2024-02-04
|t 6
|w 2022-02-03
|y BK
|x Transferred from BIED to General Stacks
|
| 952 |
|
|
|0 0
|1 0
|2 ddc
|4 0
|6 001_420000000000000_KOT
|7 0
|9 69736
|a BRACUL
|b BRACUL
|c GEN
|d 2022-02-08
|e Complimentary copy from BIED
|l 1
|m 1
|o 001.42 KOT
|p 3010037644
|q 2026-06-02
|r 2026-05-07
|s 2026-05-07
|t 7
|w 2022-02-08
|y BK
|x Transferred from BIED to General Stacks
|